00435 2200169 4500001002100000005001500021008004100036035001900077041000700096082000800103090001400111100001800125245006700143260001800210300002100228650001600249INLIS00000000000528720241224113055241224||||||||| | ||| |||| || |  0010-1224005287 aid0 a330 a330 SUH B0 aR.B SUHARTONO00aBEBERAPA CATATAN MENGENAI PERKEMBANGAN PEREKONOMIAN MUANG THAI aJakartabCSIS a61 HAL,; 21,5 CM 0aIlmu Sosial